000 00605nam a2200205 i 4500
001 bg
100 1 _aBARTKIEWICZ, Bronisław
245 1 0 _aŚcieki przemysłowe /
_cBronisław Bartkiewicz.
260 _aWarszawa :
_bWydawnictwa Politechniki Warszawskiej,
_c1992.
300 _a206 s. :
_brys., wykr. ;
_c24 cm.
504 _aBibliogr. s. 197-206.
650 9 _aŚcieki
_xtechnologia
_xurządzenia
650 9 _aPrzemysł
_xhigiena
655 _aPodręczniki akademickie
040 _cBPK
041 0 _apl
080 _a628.3:66/69](075.8)
942 _cKS
008 s pl f |000 0 pol
999 _c6817
_d6817
856 _uhttp://koha.tu.koszalin.pl/cgi-bin/koha/opac-detail.pl?biblionumber=6817
_yKatalog online BPK